00694pam a2200169 a 4500020002700000020002200027050002200049100002000071245013000091260007000221300002800291440004900319505010200368650001200470650002200482700002000504 a0521590515 (hardcover) a0521599628 (pbk.)00aB2773.E5bB4 19971 aKant, Immanuel,10aCritique of practical reason /cImmanuel Kant ; translated and edited by Mary Gregor ; with an introduction by Andrews Reath. aCambridge, U.K. ;aNew York :bCambridge University Press,c1997. axxxvi, 145 p. ;c23 cm. 0aCambridge texts in the history of philosophy aDoctrine of the elements of pure practical reason Doctrine of the method of pure practical reason 0aEthics. 0aPractical reason.1 aGregor, Mary J.